The Ghana law reports 1982-83 part 1:cases determined by the high court, the court of Appeal and the supreme court of the republic of Ghana / (Record no. 4076)
[ view plain ]
| 000 -LEADER | |
|---|---|
| fixed length control field | 00786nam a22002297a 4500 |
| 003 - CONTROL NUMBER IDENTIFIER | |
| control field | OSt |
| 005 - DATE AND TIME OF LATEST TRANSACTION | |
| control field | 20230728111032.0 |
| 008 - FIXED-LENGTH DATA ELEMENTS--GENERAL INFORMATION | |
| fixed length control field | 140902b xxu||||| |||| 00| 0 eng d |
| 022 ## - INTERNATIONAL STANDARD SERIAL NUMBER | |
| International Standard Serial Number | 08550832 |
| 040 ## - CATALOGING SOURCE | |
| Transcribing agency | WIUC |
| 050 ## - LIBRARY OF CONGRESS CALL NUMBER | |
| Classification number | KRX19.A3.G34(1982-83 pt.1) |
| 245 ## - TITLE STATEMENT | |
| Title | The Ghana law reports 1982-83 part 1:cases determined by the high court, the court of Appeal and the supreme court of the republic of Ghana / |
| Statement of responsibility, etc. | edited by S.Y. Bimpong-Buta and assited by I.K. Agbosu |
| 250 ## - EDITION STATEMENT | |
| Edition statement | Part 1 |
| 260 ## - PUBLICATION, DISTRIBUTION, ETC. | |
| Place of publication, distribution, etc. | Accra: |
| Name of publisher, distributor, etc. | Council for Law Reporting, |
| Date of publication, distribution, etc. | 1993. |
| 300 ## - PHYSICAL DESCRIPTION | |
| Extent | xi,796 p. : |
| Dimensions | 25cm. |
| 440 ## - SERIES STATEMENT/ADDED ENTRY--TITLE | |
| Volume/sequential designation | Vol. 1 |
| 500 ## - GENERAL NOTE | |
| General note | Includes index. |
| 700 ## - ADDED ENTRY--PERSONAL NAME | |
| Personal name | Sankah, D. R. K. |
| 9 (RLIN) | 2129 |
| 700 ## - ADDED ENTRY--PERSONAL NAME | |
| Personal name | Bimpong-Buta, S. Y. |
| 9 (RLIN) | 1005 |
| 800 ## - SERIES ADDED ENTRY--PERSONAL NAME | |
| Personal name | Bimpong-Buta, S.Y. |
| -- | Agbosu, I.K. |
| 9 (RLIN) | 2154 |
| 942 ## - ADDED ENTRY ELEMENTS (KOHA) | |
| Source of classification or shelving scheme | Library of Congress Classification |
| Koha item type | Books |
| Withdrawn status | Lost status | Source of classification or shelving scheme | Damaged status | Not for loan | Home library | Current library | Shelving location | Date acquired | Full call number | Barcode | Date last seen | Copy number | Price effective from | Koha item type | Total Checkouts |
|---|---|---|---|---|---|---|---|---|---|---|---|---|---|---|---|
| Library of Congress Classification | WISCONSIN INTERNATIONAL UNIVERSITY COLLEGE, GHANA - MAIN LIBRARY | WISCONSIN INTERNATIONAL UNIVERSITY COLLEGE, GHANA - MAIN LIBRARY | Law Library | 02/09/2014 | KRX19.A3.G34(1982-83 pt.1) | 930/13 | 02/09/2014 | 1 | 02/09/2014 | Books | |||||
| Library of Congress Classification | WISCONSIN INTERNATIONAL UNIVERSITY COLLEGE, GHANA - MAIN LIBRARY | WISCONSIN INTERNATIONAL UNIVERSITY COLLEGE, GHANA - MAIN LIBRARY | Law Library | 02/09/2014 | KRX19.A3.G341(1982-83 p.1) | 974/13 | 02/09/2014 | 2 | 02/09/2014 | Books | |||||
| Dewey Decimal Classification | WISCONSIN INTERNATIONAL UNIVERSITY COLLEGE, GHANA - MAIN LIBRARY | WISCONSIN INTERNATIONAL UNIVERSITY COLLEGE, GHANA - MAIN LIBRARY | Law Library | 20/07/2023 | KRX19.A3.G342(1982-83 pt.1) | 3196/336/23 | 20/07/2023 | 3 | 20/07/2023 | Books | |||||
| Library of Congress Classification | WISCONSIN INTERNATIONAL UNIVERSITY COLLEGE, GHANA - MAIN LIBRARY | WISCONSIN INTERNATIONAL UNIVERSITY COLLEGE, GHANA - MAIN LIBRARY | Law Library | 18/09/2023 | KRX19.A3 G343(1982-83 pt.1) | 3125/433/23 | 18/09/2023 | 4 | 18/09/2023 | Books |
